<?xml version="1.0" encoding="UTF-8"?>
<record
    xmlns:xsi="http://www.w3.org/2001/XMLSchema-instance"
    xsi:schemaLocation="http://www.loc.gov/MARC21/slim http://www.loc.gov/standards/marcxml/schema/MARC21slim.xsd"
    xmlns="http://www.loc.gov/MARC21/slim">

  <leader>01553nam a2200265Ia 4500</leader>
  <controlfield tag="008">120626s2010    mx            000 0 spa d</controlfield>
  <datafield tag="020" ind1=" " ind2=" ">
    <subfield code="a">9786074810325</subfield>
  </datafield>
  <datafield tag="020" ind1=" " ind2=" ">
    <subfield code="a">607481032X</subfield>
  </datafield>
  <datafield tag="050" ind1=" " ind2=" ">
    <subfield code="a">HD31</subfield>
    <subfield code="b">D3418 2010</subfield>
  </datafield>
  <datafield tag="082" ind1=" " ind2=" ">
    <subfield code="a">658 D124i</subfield>
  </datafield>
  <datafield tag="100" ind1="1" ind2=" ">
    <subfield code="a">Daft, Richard L.</subfield>
    <subfield code="e">autor</subfield>
  </datafield>
  <datafield tag="245" ind1="1" ind2="0">
    <subfield code="a">Introducci&#xF3;n a la administraci&#xF3;n</subfield>
    <subfield code="b"> / Richard L. Daft y Dorothy Marcic ; traducci&#xF3;n de &#xC9;rika M. Jasso Hernan D&#x2019;Borneville, Magda Elizabeth Trevi&#xF1;o Rosales</subfield>
  </datafield>
  <datafield tag="250" ind1=" " ind2=" ">
    <subfield code="a">6a. edici&#xF3;n</subfield>
  </datafield>
  <datafield tag="260" ind1="3" ind2=" ">
    <subfield code="a">M&#xE9;xico</subfield>
    <subfield code="b"> : Cengage Learning</subfield>
    <subfield code="c">, 2010</subfield>
  </datafield>
  <datafield tag="300" ind1=" " ind2=" ">
    <subfield code="a">622 p&#xE1;ginas</subfield>
  </datafield>
  <datafield tag="500" ind1=" " ind2=" ">
    <subfield code="a">Plan Flexible
Contabilidad / Fundamentos de Administraci&#xF3;n (B01-4) / (19 000170)</subfield>
  </datafield>
  <datafield tag="500" ind1=" " ind2=" ">
    <subfield code="a">T&#xED;tulo Original : Understanding Management.
Incluye: glosario, notas e &#xED;ndices.</subfield>
  </datafield>
  <datafield tag="500" ind1=" " ind2=" ">
    <subfield code="a">Incluye &#xED;ndice
Plan flexible
Licenciatura en Nutrici&#xF3;n 
ADMINISTRACI&#xD3;N B09
14 003189</subfield>
  </datafield>
  <datafield tag="505" ind1=" " ind2=" ">
    <subfield code="a">Innovaci&#xF3;n para los tiempos turbulentos
El entorno y la cultura corporativa
El entorno global
&#xC9;tica y responsabilidad social
Planeaci&#xF3;n y establecimiento de metas
Toma de decisiones
Dise&#xF1;o de organizaciones adaptables
Cambio e innovaci&#xF3;n
Recursos humanos y diversidad
Din&#xE1;mica del comportamiento en las organizaciones
Liderazgo
Motivaci&#xF3;n
Comunicaci&#xF3;n
Trabajo en equipo
Productividad mediante sistemas de control de calidad</subfield>
  </datafield>
  <datafield tag="519" ind1=" " ind2=" ">
    <subfield code="a">Plan Flexible / </subfield>
    <subfield code="b">Nutrici&#xF3;n / </subfield>
    <subfield code="c">Administraci&#xF3;n (B09-2) / </subfield>
    <subfield code="d">(18 000218)</subfield>
  </datafield>
  <datafield tag="650" ind1=" " ind2=" ">
    <subfield code="a">ADMINISTRACI&#xD3;N</subfield>
  </datafield>
  <datafield tag="700" ind1=" " ind2=" ">
    <subfield code="a">Marcic, Dorothy</subfield>
    <subfield code="e">autor</subfield>
  </datafield>
  <datafield tag="700" ind1=" " ind2=" ">
    <subfield code="a">Jasso Hern&#xE1;n d&#xB4;Borneville, Erika Montserrat</subfield>
    <subfield code="e">traductor </subfield>
  </datafield>
  <datafield tag="942" ind1=" " ind2=" ">
    <subfield code="c">LB</subfield>
  </datafield>
  <datafield tag="952" ind1=" " ind2=" ">
    <subfield code="0">0</subfield>
    <subfield code="1">0</subfield>
    <subfield code="4">0</subfield>
    <subfield code="7">0</subfield>
    <subfield code="a">18</subfield>
    <subfield code="b">18</subfield>
    <subfield code="d">2010-11-18</subfield>
    <subfield code="l">4</subfield>
    <subfield code="o">HD31 D3418 2010</subfield>
    <subfield code="p">18 000218</subfield>
    <subfield code="r">2018-10-26</subfield>
    <subfield code="s">2018-10-26</subfield>
    <subfield code="t">1</subfield>
    <subfield code="w">2012-06-26</subfield>
    <subfield code="y">LB</subfield>
  </datafield>
  <datafield tag="952" ind1=" " ind2=" ">
    <subfield code="0">0</subfield>
    <subfield code="1">0</subfield>
    <subfield code="4">0</subfield>
    <subfield code="7">0</subfield>
    <subfield code="a">15</subfield>
    <subfield code="b">15</subfield>
    <subfield code="d">2010-08-02</subfield>
    <subfield code="l">0</subfield>
    <subfield code="o">658 D124I</subfield>
    <subfield code="p">15 004342</subfield>
    <subfield code="r">2017-12-07</subfield>
    <subfield code="t">1</subfield>
    <subfield code="w">2012-06-28</subfield>
    <subfield code="y">LB</subfield>
  </datafield>
  <datafield tag="952" ind1=" " ind2=" ">
    <subfield code="0">0</subfield>
    <subfield code="1">0</subfield>
    <subfield code="2">lcc</subfield>
    <subfield code="4">0</subfield>
    <subfield code="7">0</subfield>
    <subfield code="a">14</subfield>
    <subfield code="b">14</subfield>
    <subfield code="d">2010-10-09</subfield>
    <subfield code="l">3</subfield>
    <subfield code="o">HD37.E8  D345  2010 </subfield>
    <subfield code="p">14 003189</subfield>
    <subfield code="r">2013-09-17</subfield>
    <subfield code="s">2013-09-17</subfield>
    <subfield code="t">1</subfield>
    <subfield code="w">2012-10-28</subfield>
    <subfield code="y">LB</subfield>
  </datafield>
  <datafield tag="952" ind1=" " ind2=" ">
    <subfield code="0">0</subfield>
    <subfield code="1">0</subfield>
    <subfield code="4">0</subfield>
    <subfield code="7">0</subfield>
    <subfield code="a">19</subfield>
    <subfield code="b">19</subfield>
    <subfield code="d">2015-09-23</subfield>
    <subfield code="l">0</subfield>
    <subfield code="o">HD31 D3418 2010</subfield>
    <subfield code="p">19 000170</subfield>
    <subfield code="r">2013-05-21</subfield>
    <subfield code="t">1</subfield>
    <subfield code="w">2013-05-21</subfield>
    <subfield code="y">LB</subfield>
  </datafield>
  <datafield tag="952" ind1=" " ind2=" ">
    <subfield code="0">0</subfield>
    <subfield code="1">0</subfield>
    <subfield code="2">lcc</subfield>
    <subfield code="4">0</subfield>
    <subfield code="7">0</subfield>
    <subfield code="a">15</subfield>
    <subfield code="b">15</subfield>
    <subfield code="d">2013-11-04</subfield>
    <subfield code="l">0</subfield>
    <subfield code="o">658 D124I</subfield>
    <subfield code="p">15 006444</subfield>
    <subfield code="r">2017-12-07</subfield>
    <subfield code="t">2</subfield>
    <subfield code="w">2014-02-07</subfield>
    <subfield code="y">LB</subfield>
  </datafield>
  <datafield tag="952" ind1=" " ind2=" ">
    <subfield code="0">0</subfield>
    <subfield code="1">0</subfield>
    <subfield code="2">lcc</subfield>
    <subfield code="4">0</subfield>
    <subfield code="7">0</subfield>
    <subfield code="a">15</subfield>
    <subfield code="b">15</subfield>
    <subfield code="d">2013-11-04</subfield>
    <subfield code="l">0</subfield>
    <subfield code="o">658 D124I</subfield>
    <subfield code="p">15 006445</subfield>
    <subfield code="r">2017-12-07</subfield>
    <subfield code="t">3</subfield>
    <subfield code="w">2014-02-07</subfield>
    <subfield code="y">LB</subfield>
  </datafield>
  <datafield tag="952" ind1=" " ind2=" ">
    <subfield code="0">0</subfield>
    <subfield code="1">0</subfield>
    <subfield code="2">ddc</subfield>
    <subfield code="4">0</subfield>
    <subfield code="7">0</subfield>
    <subfield code="a">01</subfield>
    <subfield code="b">01</subfield>
    <subfield code="d">2015-05-28</subfield>
    <subfield code="e">01 000740</subfield>
    <subfield code="l">0</subfield>
    <subfield code="o">658 D131i</subfield>
    <subfield code="p">01 000740</subfield>
    <subfield code="r">2015-05-28</subfield>
    <subfield code="t">1</subfield>
    <subfield code="w">2015-05-28</subfield>
    <subfield code="y">LB</subfield>
  </datafield>
  <datafield tag="999" ind1=" " ind2=" ">
    <subfield code="c">73951</subfield>
    <subfield code="d">73951</subfield>
  </datafield>
</record>
